Central Library OPAC University of Rajshahi

Studies on the pulping of Jute based raw materials using various additives and their characteristics / (Record no. 80894)

MARC details
000 -LEADER
fixed length control field 00993nam a22002417a 4500
001 - CONTROL NUMBER
RUCL Control Number 80894
003 - CONTROL NUMBER IDENTIFIER
rucl marc code BD-RjUL
005 - DATE AND TIME OF LATEST TRANSACTION
control field 20230530110602.0
008 - FIXED-LENGTH DATA ELEMENTS--GENERAL INFORMATION
fixed length control field 221205s1999 bg a|||| m||| 00| 0 eng d
035 ## - SYSTEM CONTROL NUMBER
system control number (BD-RjUL)80894
040 ## - CATALOGING SOURCE
Original cataloging agency BD-RjUL
Language of cataloging eng
Transcribing agency BD-RjUL
Modifying agency BD-RjUL
041 ## - LANGUAGE CODE
Language code of Book eng
082 ## - DEWEY DECIMAL CLASSIFICATION NUMBER
DDC Edition number 23
Classification number 676.14
Author mark and Year JAS 1999
100 ## - MAIN ENTRY--PERSONAL NAME
Personal name Jahan, Md. Sarwar
9 (RLIN) 1916
245 10 - TITLE STATEMENT
Title Studies on the pulping of Jute based raw materials using various additives and their characteristics /
Statement of responsibility, etc By Md. Sarwar Jahan ;
Name of Supervisor/Co-Supervisor Supervisor : Faisul Islam Faroqui
260 ## - PUBLICATION, DISTRIBUTION, ETC. (IMPRINT)
Place of publication, distribution, etc Rajshahi :
Name of publisher, distributor, etc Department of Applied Chemistry & Chemical Technology, University of Rajshahi,
Date of publication, distribution, etc 1999
300 ## - PHYSICAL DESCRIPTION
Pagination xi, 204 leaves :
Other physical details ill, ;
Dimensions 29.cm.
502 ## - DISSERTATION NOTE
Dissertation note Thesis (Ph. D.) -- Department of Applied Chemistry & Chemical Technology, University of Rajshahi, 1999
504 ## - BIBLIOGRAPHY, ETC. NOTE
Bibliography, etc References : Leaves 195 - 204
650 ## - SUBJECT ADDED ENTRY--TOPICAL TERM
Topical term or geographic name as entry element Jute
Form subdivision Pulp and paper technology
9 (RLIN) 6152
700 ## - ADDED ENTRY--SUPERVISOR/CO-SUPERVISOR NAME
Personal name Faroqui, Faisul, Islam, Supervisor
9 (RLIN) 6153
942 ## - ADDED ENTRY ELEMENTS (KOHA)
Source of classification or shelving scheme Dewey Decimal Classification
Koha item type Theses
Holdings
Source of classification or shelving scheme Damaged status Not for loan Collection code Permanent Location Current Location Shelving location Date of accession Source of acquisition Total Checkouts Full call number Barcode Date last seen Copy number Thesis
Dewey Decimal Classification   Not For Loan Theses Central Library, University of Rajshahi Central Library, University of Rajshahi Documentation Section 14/11/2000 Controller of Exam. R.U.   THE 676.14 JAS 1999 D1969 05/12/2022 C-1 Theses